000 00565nam a2200205Ia 4500
005 20250508165442.0
008 008 250505s9999 xx 000 0 eng d
037 _aTextBook
040 _aFEDL
_beng
_cFEDL
041 _aeng
_2eng
084 _a420.7, SHA/R
_qFEDL
100 _aSharma Asha
245 0 _aTeaching of english
260 _aLudhiana, India
_bVijay Publications
_c2010
300 _a404p.
365 _aINR
_b270
546 _aSpecimen copy gifted by Vijay Publications
942 _cTB
_h420.7, SHA/R
999 _c1395172
_d1395172